000 00641nam a2200229Ia 4500
001 9230
003 GE_BSU
008 181216s||||||||xx |||||||||||||| ||und||
040 _cGE_BSU
080 _a821.353.1-32
100 _aლორია,პარმენ
245 _aშეხვედრა
245 _bმოთხრობა
245 _cრედ:ნ.ა.პაიჭაძე
260 _aბათუმი.
260 _bაჭარის სახელგამი
260 _c1943.
300 _a24გვ;16სმ
653 _aმოთხრობა
653 _aშეხვედრა
942 _cBK
999 _c42533
_d42533